| 000 | 00786nam a22002055i 4500 | ||
|---|---|---|---|
| 001 | 159792 | ||
| 003 | ES-MaACL | ||
| 005 | 20250629063138.0 | ||
| 008 | 971014s1867 fr a |||| | fre d | ||
| 040 |
_aAR _bspa _cAR |
||
| 100 | 1 |
_aMirecourt, Eugène de, _d1812-1880 _9129980 |
|
| 245 | 1 | 0 |
_aLamartine / _cpar Eugène de Mirecourt. |
| 260 |
_aParis : _bchez Achille Faure, _c1867 ( _fTyp. de L.-Ph. Costet) |
||
| 300 |
_a71 p., [1] h. de lám. ; _c15 cm. |
||
| 490 | 1 |
_aHistoire contemporaine : portraits et silhouettes au XIXe siècle ; _v28 |
|
| 600 | 1 | 4 |
_aLamartine, Alphonse de, _d1790-1869 _969776 |
| 830 | 0 |
_aHistoire contemporaine : portraits et silhouettes au XIXe siècle ; _v28 _9188215 |
|
| 852 |
_aES-MaACL _jG-14945(4) _z-- Enc. hol. |
||
| 999 |
_c159792 _d159792 |
||